Plus Grandes Villes Polynésie Française - Statistiques

Statistiques générales
  • Ce quiz a été pris 144 fois
  • Le résultat moyen est 7 sur 13
Statistiques - réponses
Ville
Population
(en milliers)
% Correct
Papeete 26
97%
Faaa 29
78%
Punaauia 28
71%
Pirae 14
63%
Mahina 14
62%
Arue 10
58%
Paea 13
56%
Papara 11
53%
Bora Bora 10
46%
Moorea Maiao 17
45%
Taiarapu Est 12
25%
Hitiaa O Te Ra
24%
Teva I Uta 10
23%
Aucun quiz correspondant
Distribution des résultats
% des personnes avec chaque résultat
Percentile par nombre de réponses
Votre historique - résultats
Vous n’avez pas pris ce quiz